Estadísticas para 15 principales países con muertes de Covid-19 - 9 de marzo de 2022

Haz click aquí para intentar la prueba.

Estadísticas generales

  • Esta prueba ha sido intentada 6 veces
  • La puntuación promedio es 17 de 26

Estadísticas de respuestas

país% Correcto
Alemania
100%
Argentina
100%
Brasil
100%
Colombia
100%
Estados Unidos
100%
Francia
100%
India
100%
Italia
100%
México
100%
Rusia
100%
Indonesia
80%
Polonia
80%
Reino Unido
80%
Irán
60%
Perú
60%
Rumania
60%
Bulgaria
40%
Hungría
40%
Bosnia y Herzegovina
20%
Chequia
20%
Croacia
20%
Eslovaquia
20%
Eslovenia
20%
Georgia
20%
Lituania
20%
Macedonia del Norte
20%

Distribución de puntuación

Porcentaje por número respondido

Porcentaje de gente con cada puntuación

Historial de tus puntuaciones

No has intentado esta prueba.